Arcane Personnages par Images - Statistiques

Statistiques générales
  • Ce quiz a été pris 926 fois
    44 depuis la dernière actualisation
  • Le résultat moyen est 25 sur 76
Statistiques - réponses
Par images Réponse % Correct
Ekko
100%
Jinx / Powder
100%
Vi / Violet
100%
Viktor
97%
Jayce Talis
94%
Silco
94%
Caitlyn Kiramman
87%
Mel Medarda
87%
Vander
87%
Isha
77%
Powder Alternative
77%
Ambessa Medarda
74%
Mylo
65%
Sevika
65%
Cecil B. Heimerdinger
61%
Claggor
55%
Warwick
52%
Benzo
48%
Maddie Nolen
48%
LeBlanc
45%
Marcus
45%
Singed / Corin Reveck
45%
Allira Salo
35%
Darius
35%
Loris
29%
Sky Young
29%
Trundle
29%
Vladimir
29%
Cassandra Kiramman
26%
Katarina
26%
Elise
23%
Poro
23%
Ren
23%
Steb
23%
Amara
19%
Felicia
19%
Grayson
19%
Irius Bolbok
19%
Kino Medarda
19%
Orianna Reveck
19%
Gert
16%
Janna
16%
Lest
16%
Margot
16%
Pim
16%
Renni
16%
Rictus
16%
Rio
16%
Shoola
16%
Torman Hoskel
16%
Babette
13%
Chross
13%
Connol
13%
Deckard
13%
Finn
13%
Huck
13%
Jericho
13%
Scar
13%
Smeech
13%
Tobias Kiramman
13%
Billingsworth
10%
Elora
10%
Eve
10%
Gustove Jowler
10%
Harold
10%
Heenot
10%
Jules
10%
Kindred
10%
Mion
10%
Ran
10%
Stanwick Pididly
10%
Thieram / Chuck
10%
Verne
10%
Ximena Talis
10%
Azizi
3%
Shield
3%
Aucun quiz correspondant
Distribution des résultats
% des personnes avec chaque résultat
Percentile par nombre de réponses
Votre historique - résultats
Vous n’avez pas pris ce quiz depuis la dernière actualisation